000
00333nam a22001457a 4500
008
221201b ||||| |||| 00| 0 eng d
020
_a
9780134219929
041
_a
eng
080
_2
7 EDITION
_a
159.9
082
_a
159.9 MCK
100
_a
25
101
_a
PSI
245
_a
HEALTH PROMOTION PROGRAMS
_c
MCKENZIE
942
_2
udc
_c
BK
999
_c
59059
_d
59059